000
00256nam a22001217a 4500
008
190305b xxu||||| |||| 00| 0 eng d
041
_a
eng
080
_a
070
100
_a
40
101
_a
MK
245
_a
Bridges not walls
_c
Stewart,J
942
_2
udc
_c
BK
999
_c
54467
_d
54467